00520nam a2200157Ia 4500003000900000008004100009040001600050080001400066110003300080245011100113260005000224300000900274500002800283650002200311650002900333IN-BaIIA211028s9999 xx 000 0 eng d cIIA Library a83.7bISI aIndian Standards Institution 0aglossary of terms relating to cement concretebpt. 3, concrete reinforcementcIndian Standards Institution aNew DelhibIndian Standards Institutionc1972 a14p. aIS 6461 : Part 3 : 1972 a Cement Concrete aConcrete Reinforcement